[Event "Vaujany"]
[Site "?"]
[Date "2015.07.11"]
[Round "3.25"]
[White "Bensaid, Simon"]
[Black "Gazik, Renata"]
[Result "0-1"]
[WhiteElo "1911"]
[BlackElo "2040"]
[PlyCount "50"]
[SourceDate "2015.07.09"]

1. e4 c6 2. d4 d5 3. e5 c5 4. dxc5 Nc6 5. Bb5 Qa5+ 6. Nc3 e6 7. a3 Bxc5 8. b4
Bxb4 9. axb4 Qxa1 10. Nge2 Bd7 11. O-O Nge7 12. Qd3 a6 13. Bg5 Qa3 14. Bxe7
Nxe7 15. Bxd7+ Kxd7 16. Rb1 Rac8 17. Rb3 Rxc3 18. Qxc3 Qa2 19. Nc1 Qa4 20. Nd3
Qc6 21. Nc5+ Kc7 22. Qa1 Rc8 23. b5 axb5 24. Qb1 Qxc5 25. Rxb5 Qa7 0-1

[Event "Vaujany"]
[Site "?"]
[Date "2015.07.12"]
[Round "4.1"]
[White "Cornette, Matthieu"]
[Black "Van Foreest, Jorden"]
[Result "1/2-1/2"]
[WhiteElo "2582"]
[BlackElo "2514"]
[PlyCount "118"]
[SourceDate "2015.07.09"]

1. d4 Nf6 2. c4 g6 3. Nc3 Bg7 4. e4 d6 5. h3 O-O 6. Be3 c5 7. Nf3 cxd4 8. Nxd4
Nc6 9. Be2 Nxd4 10. Bxd4 Bd7 11. O-O Bc6 12. Qc2 Nd7 13. Bxg7 Kxg7 14. b4 Nf6
15. Rad1 Qb6 16. a3 Rfd8 17. Kh1 Rac8 18. f4 Qe3 19. Bd3 b5 20. Rf3 Qd4 21.
cxb5 Bb7 22. Be2 Qxe4 23. Qxe4 Nxe4 24. Nxe4 Bxe4 25. Re3 d5 26. a4 f5 27. a5
Rc2 28. Bd3 Rc3 29. Rg3 e5 30. Bxe4 Rxg3 31. Bf3 e4 32. Kh2 Rxf3 33. gxf3 d4
34. fxe4 fxe4 35. Kg3 Kf6 36. Rc1 d3 37. Kf2 Kf5 38. Ke3 d2 39. Rd1 Rd3+ 40.
Ke2 Kxf4 41. Rxd2 Rb3 42. Rd7 Rb2+ 43. Kd1 Rxb4 44. Rxh7 Rxb5 45. Rxa7 Ke3 46.
a6 Rb1+ 47. Kc2 Ra1 48. Kb2 Ra5 49. Kb3 Ke2 50. Kb4 Ra1 51. Kb5 e3 52. Rg7 Kf3
53. Rxg6 e2 54. Re6 e1=Q 55. Rxe1 Rxe1 56. a7 Ra1 57. Kb6 Kg3 58. Kb7 Rxa7+ 59.
Kxa7 Kxh3 1/2-1/2

[Event "Vaujany"]
[Site "?"]
[Date "2015.07.12"]
[Round "4.2"]
[White "Gavrilov, Alexei"]
[Black "Moradiabadi, Elshan"]
[Result "0-1"]
[WhiteElo "2411"]
[BlackElo "2567"]
[PlyCount "184"]
[SourceDate "2015.07.09"]

1. d4 Nf6 2. Nf3 e6 3. c4 b6 4. g3 c6 5. Bg2 Bb4+ 6. Nbd2 d5 7. O-O O-O 8. Qc2
Ba6 9. Rd1 Be7 10. b3 Nbd7 11. e4 Rc8 12. e5 Ne8 13. Bb2 Nc7 14. Rac1 Qe8 15.
Qb1 c5 16. h4 h6 17. dxc5 bxc5 18. Ne1 Nb6 19. Qc2 dxc4 20. bxc4 Qa4 21. Qxa4
Nxa4 22. Ba1 Rfd8 23. Bf1 Nb6 24. Rc2 Bb7 25. Be2 Na6 26. a3 Bc6 27. Nf1 Rxd1
28. Bxd1 Ba4 29. Rc1 Bxd1 30. Rxd1 Nxc4 31. Bc3 Kf8 32. Nc2 Nc7 33. Nfe3 Nb6
34. Ba5 Ncd5 35. Rb1 Ke8 36. Kf1 Nd7 37. Nxd5 exd5 38. Ne3 d4 39. Nc4 Rb8 40.
Rxb8+ Nxb8 41. Ke2 Kd7 42. Kd3 Kc6 43. Ke4 Nd7 44. f4 g6 45. a4 h5 46. Nb2 Nf8
47. Nc4 Ne6 48. Be1 Bd8 49. Ba5 Be7 50. Be1 Ng7 51. Na5+ Kd7 52. Kd5 Nf5 53.
Nc4 Ng7 54. Nb2 Ne6 55. Ba5 Ng7 56. Be1 Nf5 57. Nc4 Bf8 58. Bf2 Nh6 59. Be1 Ng4
60. Bd2 Nf2 61. Nb2 Be7 62. Be1 Nh3 63. Nd3 Ng1 64. Nc1 Nf3 65. Nd3 Kc7 66.
Ba5+ Kc8 67. Nf2 Nh2 68. Ne4 Kd7 69. Bd2 Nf3 70. Bc1 Kc7 71. Bd2 Kb6 72. Kc4
Kc6 73. Bc1 Nh2 74. Ba3 Nf1 75. Bc1 Bf8 76. Bd2 Nh2 77. Bc1 Ng4 78. Bd2 Be7 79.
Bc1 f6 80. exf6 Nxf6 81. Nxf6 Bxf6 82. Ba3 Be7 83. Bc1 a6 84. Bd2 Kd6 85. Ba5
Ke6 86. Be1 Bf8 87. Bd2 Kf5 88. Kd5 Kg4 89. Be1 Kf3 90. Ke6 Ke2 91. Ba5 c4 92.
Kf7 c3 0-1

[Event "Vaujany"]
[Site "?"]
[Date "2015.07.12"]
[Round "4.3"]
[White "Nevednichy, Vldislav"]
[Black "Libiszewsky, Fabien"]
[Result "1/2-1/2"]
[WhiteElo "2558"]
[BlackElo "2453"]
[PlyCount "81"]
[SourceDate "2015.07.09"]

1. e4 e6 2. d4 d5 3. Nd2 Be7 4. c3 c5 5. dxc5 Bxc5 6. Nb3 Bb6 7. exd5 exd5 8.
Nf3 Nf6 9. Bb5+ Nc6 10. Qe2+ Ne4 11. Be3 O-O 12. O-O-O Bf5 13. Bxc6 bxc6 14.
Nfd4 Bd7 15. Rhe1 Re8 16. Qf3 Qc8 17. h3 c5 18. Nc2 Be6 19. g4 a5 20. Nd2 a4
21. a3 Nd6 22. Bf4 Nb5 23. Re2 Ba5 24. Rde1 Rd8 25. Bg5 Rf8 26. Re5 d4 27. Ne4
dxc3 28. bxc3 Rb8 29. Rxc5 Qb7 30. Nf6+ Kh8 31. Qxb7 Rxb7 32. Nd5 Bxd5 33. Rxd5
Bxc3 34. Re7 Rbb8 35. Bf4 Bb2+ 36. Kd2 Rbd8 37. Rxd8 Rxd8+ 38. Ke2 Nxa3 39.
Nxa3 Bxa3 40. Ra7 Kg8 41. Rxa4 1/2-1/2

[Event "Vaujany"]
[Site "?"]
[Date "2015.07.12"]
[Round "4.4"]
[White "Filip, Lucian"]
[Black "Brunner, Nicolas"]
[Result "1/2-1/2"]
[WhiteElo "2419"]
[BlackElo "2425"]
[PlyCount "65"]
[SourceDate "2015.07.09"]

1. d4 d5 2. Nf3 Nf6 3. c4 c6 4. e3 Bg4 5. h3 Bh5 6. Nbd2 e6 7. g4 Bg6 8. Ne5
Nfd7 9. Nxg6 hxg6 10. Bg2 Na6 11. O-O Be7 12. e4 Nc7 13. Qb3 Rb8 14. Rd1 Kf8
15. Nf1 Nf6 16. Ng3 b5 17. cxd5 cxd5 18. e5 Nd7 19. Qd3 g5 20. Bd2 Nb6 21. b3
g6 22. Rf1 Kg7 23. f4 gxf4 24. Rxf4 Qd7 25. Raf1 Rbf8 26. R4f3 b4 27. R1f2 Nb5
28. Bf1 a6 29. Qe3 Nc8 30. Bd3 Qa7 31. Ne2 Qb6 32. Rf4 Qc6 33. Rf1 1/2-1/2

[Event "Vaujany"]
[Site "?"]
[Date "2015.07.12"]
[Round "4.5"]
[White "Horvath, Jozsef"]
[Black "Poulet, Pierre-Emmanuel"]
[Result "0-1"]
[WhiteElo "2535"]
[BlackElo "2299"]
[PlyCount "78"]
[SourceDate "2015.07.09"]

1. c4 Nf6 2. Nc3 e5 3. Nf3 Nc6 4. a3 g6 5. e3 Bg7 6. d4 d6 7. Be2 O-O 8. O-O e4
9. Nd2 Re8 10. b4 Qe7 11. b5 Nd8 12. a4 h5 13. Ba3 Bf5 14. a5 a6 15. c5 Ne6 16.
cxd6 cxd6 17. Nc4 Rad8 18. Rb1 Ng4 19. bxa6 bxa6 20. Qe1 Qh4 21. Bxg4 Bxg4 22.
f3 Qxe1 23. Rfxe1 exf3 24. Nxd6 {Diagramme #} Nxd4 25. Nxe8 Rxe8 26. Rbc1 fxg2
27. Kxg2 Nf3 28. Nd5 Nxe1+ 29. Rxe1 Re5 30. Ne7+ Kh7 31. Nc6 Re4 32. Nd8 Ra4
33. Bd6 Ra2+ 34. Kg3 Rd2 35. Nxf7 Rxd6 36. Nxd6 Be5+ 37. Kg2 Bxd6 38. Rc1 Be2
39. e4 Bd3 0-1

[Event "Vaujany"]
[Site "?"]
[Date "2015.07.12"]
[Round "4.6"]
[White "Gazik, Viktor"]
[Black "Olivier, Jean-Christophe"]
[Result "1-0"]
[WhiteElo "2434"]
[BlackElo "2348"]
[PlyCount "91"]
[SourceDate "2015.07.09"]

1. c4 Nf6 2. g3 c6 3. Bg2 d5 4. Nf3 Bf5 5. O-O Nbd7 6. d3 e5 7. b3 Bc5 8. cxd5
cxd5 9. Bb2 Qe7 10. Nxe5 Nxe5 11. d4 Bd6 12. dxe5 Bxe5 13. Bxe5 Qxe5 14. Nd2
O-O 15. Nf3 Qb2 16. Qd2 Qxd2 17. Nxd2 Rfc8 18. Rfc1 Ne4 19. Nf3 Nc3 20. Nd4 Be4
21. f3 Bg6 22. Kf2 b5 23. a3 a5 24. Bh3 Rc7 25. Ke1 Rb8 26. b4 axb4 27. axb4
Rc4 28. e3 Na4 29. Bf1 Nb2 30. Bxc4 dxc4 31. Kd2 Nd3 32. Rcb1 f6 33. Kc3 Ne5
34. e4 Be8 35. Rd1 Bh5 36. g4 Be8 37. Ra7 h5 38. h3 hxg4 39. hxg4 Kh7 40. Nf5
Nf7 41. Ne7 g6 42. Nc6 Rc8 43. Rd8 Rxd8 44. Nxd8 Kg8 45. Nxf7 Bxf7 46. Ra8+ 1-0

[Event "Vaujany"]
[Site "?"]
[Date "2015.07.12"]
[Round "4.7"]
[White "Dumitrache, Dragos-Nicolae"]
[Black "Navrotescu, Andreea-Cristiana"]
[Result "1-0"]
[WhiteElo "2423"]
[BlackElo "2247"]
[PlyCount "153"]
[SourceDate "2015.07.09"]

1. d4 Nf6 2. c4 g6 3. Nf3 Bg7 4. g3 d5 5. cxd5 Nxd5 6. Bg2 Nb6 7. Nc3 Nc6 8. e3
O-O 9. O-O a5 10. b3 a4 11. Ba3 Re8 12. Nd2 Be6 13. Bc5 axb3 14. Bxb6 cxb6 15.
axb3 Rxa1 16. Qxa1 Nxd4 17. exd4 Qxd4 18. Ndb1 Bxb3 19. Qa3 Bc2 20. Rc1 Bf5 21.
Nb5 Qe5 22. Qb4 Ra8 23. N1c3 Bh6 24. Rd1 Bc2 25. Bxb7 Rb8 26. Rd7 Bf8 27. Be4
Qe6 28. Rd2 Qb3 29. Qxb3 Bxb3 30. Bd5 Bxd5 31. Nxd5 e6 32. Nf6+ Kg7 33. Nd7 Rd8
34. Kf1 Bb4 35. Rd4 Ba5 36. Ke2 Rc8 37. Kd1 h5 38. f4 Rc6 39. Ne5 Rc5 40. Na3
Bc3 41. Re4 b5 42. Nd3 Rd5 43. Kc2 Ba5 44. Re5 b4 45. Rxd5 exd5 46. Nb5 Kf6 47.
Nd4 g5 48. Nb3 Bb6 49. Nxb4 Bg1 50. h3 Bh2 51. Nxd5+ Ke6 52. Ne3 gxf4 53. gxf4
Bxf4 54. Kd3 Kf6 55. Nd4 Kg6 56. Ke4 Bg5 57. Nf3 Bd8 58. Nd5 Ba5 59. Nf4+ Kh6
60. Kf5 Bc3 61. Ng5 f6 62. Ne4 Ba5 63. Nxf6 Be1 64. N4xh5 Bh4 65. Kg4 Be1 66.
Nf4 Bc3 67. Ne4 Be1 68. Ng3 Bc3 69. h4 Bb2 70. h5 Bc3 71. Ne4 Bd4 72. Kf5 Be3
73. Nf6 Bd2 74. Ng4+ Kh7 75. Ne6 Bc3 76. Ng5+ Kh8 77. Kg6 1-0

[Event "Vaujany"]
[Site "?"]
[Date "2015.07.12"]
[Round "4.8"]
[White "Gazik, Igor"]
[Black "Di Nicolantonio, Lucas"]
[Result "0-1"]
[WhiteElo "2327"]
[BlackElo "2421"]
[PlyCount "69"]
[SourceDate "2015.07.09"]

1. e4 g6 2. d4 Bg7 3. Nc3 d6 4. Be3 a6 5. Qd2 b5 6. f3 Nd7 7. g4 Bb7 8. h4 h5
9. g5 e6 10. Bg2 Nb6 11. b3 Ne7 12. Rd1 O-O 13. Nh3 c5 14. dxc5 dxc5 15. Qxd8
Rfxd8 16. Ne2 Rxd1+ 17. Kxd1 Nd7 18. Kc1 Kf8 19. Rd1 Ke8 20. Nf2 a5 21. Bf1 a4
22. Kb1 Nc6 23. Nd3 axb3 24. cxb3 c4 25. bxc4 bxc4 26. Nc5 Nxc5 27. Bxc5 Ra5
28. Be3 Rb5+ 29. Kc1 Ra5 30. Kb1 Ra3 31. Bd4 Nxd4 32. Nxd4 Bxd4 33. Rxd4 e5 34.
Rxc4 Rxf3 35. Be2 0-1

[Event "Vaujany"]
[Site "?"]
[Date "2015.07.12"]
[Round "4.9"]
[White "Skomorokhin, Roman"]
[Black "Geenen, Marc"]
[Result "1/2-1/2"]
[WhiteElo "2381"]
[BlackElo "2231"]
[PlyCount "67"]
[SourceDate "2015.07.09"]

1. d4 Nf6 2. Bf4 d5 3. e3 c5 4. c3 Nc6 5. Nd2 g6 6. Ngf3 Qb6 7. Qb3 c4 8. Qc2
Bf5 9. Qc1 Nh5 10. Be2 Nxf4 11. exf4 Qc7 12. g3 Bg7 13. O-O O-O 14. Re1 b5 15.
Nf1 Bg4 16. Ng5 Bxe2 17. Rxe2 b4 18. Qe3 bxc3 19. bxc3 e6 20. h4 h6 21. Nf3 h5
22. N1h2 Ne7 23. Ng5 Nf5 24. Qd2 Rfe8 25. Qe1 Bf6 26. Rd1 Kg7 27. Nhf3 Rab8 28.
Rb1 Rxb1 29. Qxb1 Rb8 30. Qc1 Qb6 31. Kg2 Qb1 32. Qa3 Rb7 33. Qa6 Qb5 34. Qa3
1/2-1/2

[Event "Vaujany"]
[Site "?"]
[Date "2015.07.12"]
[Round "4.10"]
[White "Ravot, Sylvain"]
[Black "Foisor, Ovidiu-Doru"]
[Result "0-1"]
[WhiteElo "2238"]
[BlackElo "2374"]
[PlyCount "84"]
[SourceDate "2015.07.09"]

1. e4 d5 2. exd5 Qxd5 3. Nc3 Qd6 4. d4 Nf6 5. Nf3 g6 6. Nb5 Qb6 7. c4 c6 8. Nc3
Bg7 9. c5 Qc7 10. Bc4 O-O 11. O-O b6 12. Re1 bxc5 13. dxc5 Na6 14. Ne5 e6 15.
Qf3 Nb4 16. Bb3 Nfd5 17. Nxd5 Nxd5 18. Nd3 Ba6 19. Bxd5 exd5 20. Bf4 Qb7 21.
Be5 Bxd3 22. Bxg7 Kxg7 23. Qxd3 Qxb2 24. Rab1 Qf6 25. Qa6 Rfb8 26. Rb7 Qc3 27.
Ree7 Rxb7 28. Rxb7 Qxc5 29. g3 d4 30. Rxf7+ Kxf7 31. Qb7+ Qe7 32. Qxa8 Qd7 33.
Qh8 Ke6 34. Kf1 Kd5 35. Ke2 c5 36. Kd2 c4 37. Qg8+ Kc5 38. Qf8+ Kb5 39. Qb8+
Ka4 40. Kc1 Qe7 41. Kd1 d3 42. Qb2 Qe2+ 0-1

[Event "Vaujany"]
[Site "?"]
[Date "2015.07.12"]
[Round "4.11"]
[White "Daulyte, Deimante"]
[Black "Foisor, Sabina-Francesca"]
[Result "1-0"]
[WhiteElo "2369"]
[BlackElo "2202"]
[PlyCount "151"]
[SourceDate "2015.07.09"]

1. e4 e5 2. Nf3 Nc6 3. Bb5 a6 4. Ba4 Nf6 5. O-O d6 6. c4 Bg4 7. d3 Nd7 8. Be3
Be7 9. a3 O-O 10. h3 Bxf3 11. Qxf3 Bg5 12. Qg4 Bxe3 13. fxe3 Nc5 14. Bc2 Qd7
15. Qf3 Qe7 16. Nc3 Ne6 17. Nd5 Qg5 18. Qf2 Rae8 19. Rae1 Qd8 20. Qg3 Kh8 21.
Rd1 Ne7 22. Nxe7 Qxe7 23. b4 g6 24. Qg4 Qg5 25. Qxg5 Nxg5 26. h4 Ne6 27. d4 Ng7
28. g4 f6 29. d5 h5 30. gxh5 Nxh5 31. Kh2 Re7 32. Rd2 Rh7 33. Rg2 g5 34. Rxg5
fxg5 35. Rxf8+ Kg7 36. Rc8 Kg6 37. Bd1 Nf6 38. h5+ Nxh5 39. Bxh5+ Kxh5 40. Kg3
Kg6 41. c5 Kf6 42. Rb8 dxc5 43. bxc5 c6 44. d6 Ke6 45. Kg4 Rg7 46. a4 a5 47.
Re8+ Kf6 48. Rb8 Rh7 49. Rf8+ Ke6 50. Kxg5 Rg7+ 51. Kh6 Rg1 52. Re8+ Kf6 53.
Kh5 Rg5+ 54. Kh4 Rg7 55. Rc8 Rh7+ 56. Kg4 Rg7+ 57. Kf3 Ke6 58. Ke2 Rf7 59. Re8+
Kf6 60. Kd3 Rg7 61. Kc4 Rh7 62. Ra8 Ke6 63. Rxa5 Rh1 64. Ra8 Rc1+ 65. Kb4 Kd7
66. Rh8 Rb1+ 67. Ka5 Rc1 68. Kb6 Rb1+ 69. Ka7 b5 70. Rh7+ Ke6 71. axb5 cxb5 72.
Re7+ Kf6 73. Re8 Rd1 74. Rb8 Ra1+ 75. Kb6 Ke6 76. Kc6 1-0

[Event "Vaujany"]
[Site "?"]
[Date "2015.07.12"]
[Round "4.12"]
[White "Yao, Stefano"]
[Black "Foisor, Cristina-Adela"]
[Result "0-1"]
[WhiteElo "2231"]
[BlackElo "2366"]
[PlyCount "50"]
[SourceDate "2015.07.09"]

1. d4 g6 2. c4 Bg7 3. Nc3 c5 4. d5 Bxc3+ 5. bxc3 f5 6. h4 Nf6 7. h5 Rg8 8. hxg6
hxg6 9. e3 Qa5 10. Ne2 d6 11. f3 Nbd7 12. Bd2 Ne5 13. Nf4 Bd7 14. a4 O-O-O 15.
Qb3 Rh8 16. Rg1 g5 17. Nd3 g4 18. f4 Nxd3+ 19. Bxd3 Rh5 20. Qc2 e5 21. dxe6
Bxe6 22. Kf2 Rdh8 23. Rab1 Qc7 24. Rb5 Qc6 25. Kg3 Rh2 0-1

[Event "Vaujany"]
[Site "?"]
[Date "2015.07.12"]
[Round "4.14"]
[White "Navrotescu, Catalin"]
[Black "Laza, Szabolcs"]
[Result "0-1"]
[WhiteElo "2407"]
[BlackElo "2095"]
[PlyCount "50"]
[SourceDate "2015.07.09"]

1. c4 c6 2. e4 d5 3. exd5 cxd5 4. cxd5 Nf6 5. Nc3 Nxd5 6. Nf3 Nc6 7. Bc4 Nf6 8.
d4 e6 9. O-O Be7 10. Re1 O-O 11. a3 b6 12. Qd3 Bb7 13. Bg5 h6 14. Bf4 Rc8 15.
Rad1 Nh5 16. Bc1 Nf6 17. Ba2 Qc7 18. Bb1 Rfd8 19. Ne4 Nxd4 20. Nxf6+ Bxf6 21.
Qh7+ Kf8 22. Nxd4 Rxd4 23. Bd2 a5 24. Rc1 Rc4 25. h3 Rxc1 0-1

[Event "Vaujany"]
[Site "?"]
[Date "2015.07.12"]
[Round "4.15"]
[White "Gautier, Anand"]
[Black "Bulmaga, Irina"]
[Result "0-1"]
[WhiteElo "2161"]
[BlackElo "2393"]
[PlyCount "108"]
[SourceDate "2015.07.09"]

1. e4 e5 2. Nf3 Nc6 3. Bc4 Bc5 4. O-O Nf6 5. d3 O-O 6. c3 d5 7. exd5 Nxd5 8.
Nbd2 Bg4 9. h3 Bh5 10. Ne4 Bb6 11. Ng3 Bg6 12. Re1 a6 13. Bg5 f6 14. Be3 Bxe3
15. fxe3 Kh8 16. e4 Nf4 17. Ne2 Nxe2+ 18. Qxe2 Na5 19. Bd5 c6 20. Be6 Qd6 21.
Bg4 c5 22. Nh4 Nc6 23. Bh5 Bxh5 24. Qxh5 Ne7 25. Qe2 Rad8 26. Rad1 Qe6 27. b3
Rd6 28. Qe3 Rfd8 29. Qxc5 Rxd3 30. Rxd3 Rxd3 31. Nf5 Nxf5 32. exf5 Qe8 33. Re3
Rd1+ 34. Kh2 h6 35. Qc7 Rd7 36. Qc4 Qd8 37. a4 Rd5 38. Qe4 Qd7 39. b4 a5 40.
Rg3 axb4 41. Qxb4 Rd1 42. Qb5 Qe7 43. a5 Kh7 44. a6 bxa6 45. Qxa6 e4 46. Qe2
Rd5 47. Re3 Qd6+ 48. Rg3 Rd3 49. Qg4 g5 50. fxg6+ Kg7 51. h4 h5 52. Qh3 Rxc3
53. Qd7+ Qxd7 54. Rxc3 Qd2 0-1

[Event "Vaujany"]
[Site "?"]
[Date "2015.07.12"]
[Round "4.16"]
[White "Van Foreest, Lucas"]
[Black "Adda, Olivier"]
[Result "1-0"]
[WhiteElo "2294"]
[BlackElo "2104"]
[PlyCount "131"]
[SourceDate "2015.07.09"]

1. e4 e5 2. Nf3 Nc6 3. Bc4 Bc5 4. Bb3 Nf6 5. d3 d6 6. c3 Bg4 7. Nbd2 Qd7 8. h3
Be6 9. Bc2 a6 10. Ng5 O-O 11. Ndf3 h6 12. Nxe6 fxe6 13. O-O Rf7 14. d4 Ba7 15.
Be3 exd4 16. cxd4 d5 17. e5 Ne4 18. a3 Raf8 19. Qd3 Rxf3 20. gxf3 Rxf3 21. Qd1
Qf7 22. Kg2 Rf5 23. f4 Nxe5 24. Bxe4 Nc4 25. Qd3 Nxe3+ 26. Qxe3 dxe4 27. Qxe4
Rd5 28. Rad1 Qd7 29. Rfe1 Kf7 30. Re3 Bxd4 31. Rb3 b5 32. Rbd3 Bxb2 33. Rxd5
exd5 34. Rxd5 Qe6 35. Rf5+ Bf6 36. Qc2 Qd6 37. Rc5 Qxf4 38. Rxc7+ Be7 39. Qb3+
Kf6 40. Qc3+ Kf7 41. Qb3+ Kf6 42. Rc6+ Bd6 43. Rxa6 Qg5+ 44. Kf1 Qf5+ 45. Kg2
Qg5+ 46. Kf2 Qd2+ 47. Kf3 Qf4+ 48. Ke2 Qe4+ 49. Kd1 Qd4+ 50. Kc2 Qf2+ 51. Kb1
Qc5 52. Qf3+ Ke6 53. Qe4+ Qe5 54. Qg6+ Kd5 55. Qd3+ Ke6 56. Rc6 b4 57. Rc2 Kd7
58. a4 Qe1+ 59. Kb2 Qe5+ 60. Kb3 Qe6+ 61. Rc4 Qe1 62. Qf5+ Kd8 63. Qc8+ Ke7 64.
Qb7+ Kf6 65. Qf3+ Ke5 66. Qf4+ 1-0

[Event "Vaujany"]
[Site "?"]
[Date "2015.07.12"]
[Round "4.17"]
[White "Chung, Mathilde"]
[Black "Houarf, Sebastien"]
[Result "1-0"]
[WhiteElo "1996"]
[BlackElo "2162"]
[PlyCount "53"]
[SourceDate "2015.07.09"]

1. d4 d5 2. c4 e6 3. Nc3 Be7 4. Nf3 Nf6 5. Bf4 O-O 6. e3 Nh5 7. Bg3 Nxg3 8.
hxg3 g6 9. Bd3 dxc4 10. Bxc4 Nd7 11. Ne5 a6 12. Qg4 Kg7 13. Qh3 h5 14. O-O-O c5
15. Bxe6 Nxe5 16. dxe5 Qa5 17. Bxc8 Raxc8 18. g4 Rh8 19. gxh5 c4 20. h6+ Kh7
21. Qf3 Rhf8 22. Rd5 b5 23. Rd7 Qb4 24. Nd5 Qc5 25. Rxe7 c3 26. Rxf7+ Kh8 27.
Qf6+ 1-0

[Event "Vaujany"]
[Site "?"]
[Date "2015.07.12"]
[Round "4.19"]
[White "Gautier, Selvan"]
[Black "Cordara, Michele"]
[Result "1-0"]
[WhiteElo "2099"]
[BlackElo "1991"]
[PlyCount "73"]
[SourceDate "2015.07.09"]

1. e4 e6 2. Qe2 b6 3. g3 Bb7 4. Bg2 c5 5. Nf3 d6 6. O-O Nf6 7. d3 Nc6 8. c3 Be7
9. Na3 O-O 10. h4 d5 11. e5 Nd7 12. Bf4 Ba6 13. Nc2 b5 14. h5 c4 15. d4 b4 16.
Ne3 Qa5 17. Qc2 Nb6 18. Ng5 Bxg5 19. Bxg5 bxc3 20. bxc3 Na4 21. Rfc1 Rab8 22.
Qe2 f6 23. Bxf6 gxf6 24. Qg4+ Kf7 25. Bxd5 exd5 26. Qd7+ Ne7 27. e6+ Kg8 28.
Qxe7 Rbe8 29. Qxa7 Ra8 30. Qd7 Rad8 31. Qc6 Bb5 32. Qb7 Ba6 33. Qe7 Rde8 34.
Qd6 Nxc3 35. Nf5 Ne2+ 36. Kh2 Nxc1 37. Qd7 1-0

[Event "Vaujany"]
[Site "?"]
[Date "2015.07.12"]
[Round "4.23"]
[White "Gazik, Renata"]
[Black "Grange, Romain"]
[Result "1-0"]
[WhiteElo "2040"]
[BlackElo "1811"]
[PlyCount "77"]
[SourceDate "2015.07.09"]

1. d4 d5 2. Nf3 Bf5 3. c4 e6 4. Nc3 c6 5. Bf4 Nf6 6. e3 Bb4 7. Qb3 Qa5 8. a3
Bxc3+ 9. bxc3 Ne4 10. Rc1 O-O 11. Qb4 Qxb4 12. cxb4 h6 13. cxd5 exd5 14. b5 Rc8
15. Nd2 a6 16. Nxe4 dxe4 17. Bxb8 Raxb8 18. bxa6 bxa6 19. Bxa6 Rc7 20. O-O Ra8
21. Bb5 Rxa3 22. Rxc6 Rca7 23. Rc5 Be6 24. Bc6 Rc7 25. Bxe4 Rxc5 26. dxc5 Rc3
27. c6 f5 28. Bf3 Bc4 29. Ra1 Bb5 30. Ra8+ Kf7 31. h3 Bxc6 32. Rc8 Bxf3 33.
Rxc3 Bd5 34. f3 Kf6 35. Kf2 Bb7 36. Rc7 Bd5 37. Ke2 g5 38. Kd3 g4 39. hxg4 1-0

[Event "Vaujany"]
[Site "?"]
[Date "2015.07.13"]
[Round "5.1"]
[White "Moradiabadi, Elshan"]
[Black "Cornette, Matthieu"]
[Result "1/2-1/2"]
[WhiteElo "2567"]
[BlackElo "2582"]
[PlyCount "34"]
[SourceDate "2015.07.09"]

1. Nf3 Nf6 2. c4 e6 3. d4 d5 4. e3 b6 5. Bd3 Bb7 6. O-O Bd6 7. Nc3 O-O 8. b3 a6
9. Qc2 dxc4 10. bxc4 Bxf3 11. gxf3 {Diagramme #} Nd5 12. cxd5 Qg5+ 13. Kh1 Qh5
14. f4 Qf3+ 15. Kg1 Qg4+ 16. Kh1 Qf3+ 17. Kg1 Qg4+ 1/2-1/2

[Event "Vaujany"]
[Site "?"]
[Date "2015.07.13"]
[Round "5.2"]
[White "Van Foreest, Jorden"]
[Black "Nevednichy, Vladislav"]
[Result "0-1"]
[WhiteElo "2514"]
[BlackElo "2558"]
[PlyCount "62"]
[SourceDate "2015.07.09"]

1. e4 c5 2. Nc3 e6 3. Nge2 a6 4. d4 cxd4 5. Nxd4 b5 6. Bd3 Qb6 7. Nb3 Qc7 8.
O-O Nf6 9. f4 b4 10. Nb1 d5 11. e5 Ne4 12. Qe2 Nc5 13. Nxc5 Bxc5+ 14. Be3 Bxe3+
15. Qxe3 Qa7 16. Qxa7 Rxa7 17. Nd2 Nc6 18. Nf3 Ke7 19. Kf2 Bd7 20. Ke3 a5 21.
b3 a4 22. Bb5 Nxe5 23. fxe5 Bxb5 24. Rf2 Rc8 25. Nd4 Rc3+ 26. Kd2 axb3 27. Nxb5
Rxc2+ 28. Kd3 Rxf2 29. Nxa7 Rxa2 30. Nc6+ Kd7 31. Rc1 Rc2 0-1

[Event "Vaujany"]
[Site "?"]
[Date "2015.07.13"]
[Round "5.3"]
[White "Libiszewski, Fabien"]
[Black "Gavrilov, Alexei"]
[Result "1/2-1/2"]
[WhiteElo "2543"]
[BlackElo "2411"]
[PlyCount "122"]
[SourceDate "2015.07.09"]

1. e4 e5 2. Nf3 Nc6 3. Bb5 a6 4. Ba4 Nf6 5. d3 d6 6. c3 Be7 7. O-O O-O 8. Re1
b5 9. Bc2 d5 10. Nbd2 dxe4 11. dxe4 Be6 12. a4 b4 13. Qe2 Nd7 14. Nc4 f6 15.
Rd1 Bc5 16. Ne3 bxc3 17. bxc3 Na5 18. Nd2 Qc8 19. Rb1 Nb6 20. Nd5 Bg4 21. Nf3
Rf7 22. h3 Be6 23. Ne1 Nbc4 24. Bd3 c6 25. Ne3 Nxe3 26. Bxe3 Bxe3 27. Qxe3 c5
28. Rb6 Rc7 29. Be2 Rc6 30. Rd6 Rxb6 31. Rxb6 Bf7 32. Qd2 Nc4 33. Bxc4 Bxc4 34.
Nc2 Rb8 35. a5 Qd8 36. Qxd8+ Rxd8 37. Ne3 Be2 38. Nd5 Bc4 39. Ne3 Be2 40. Rb2
Bb5 41. c4 Ba4 42. Nd5 Kf7 43. f3 Rd7 44. Kf2 Bc6 45. Rb6 Bb7 46. g4 Ke8 47. h4
h6 48. Ke3 Kd8 49. Re6 Bc8 50. Nb6 Rd3+ 51. Kxd3 Bxe6 52. Na4 Kc7 53. Nxc5 Bc8
54. h5 Kc6 55. Na4 Be6 56. Nb6 Kc5 57. Kc3 Bf7 58. Nd5 Bg8 59. Nb6 Bf7 60. Na4+
Kc6 61. Nb6 Kc5 1/2-1/2

[Event "Vaujany"]
[Site "?"]
[Date "2015.07.13"]
[Round "5.4"]
[White "Foisor, Ovidiu-Doru"]
[Black "Gazik, Viktor"]
[Result "0-1"]
[WhiteElo "2374"]
[BlackElo "2434"]
[PlyCount "68"]
[SourceDate "2015.07.09"]

1. d4 f5 2. g3 Nf6 3. Bg2 g6 4. c4 Bg7 5. Nc3 O-O 6. Nh3 Nc6 7. Rb1 h6 8. O-O
d6 9. d5 Ne5 10. b3 c6 11. Bb2 g5 12. Qd2 Ne4 13. Nxe4 fxe4 14. Bxe5 Bxe5 15.
Nxg5 hxg5 16. Qxg5+ Bg7 17. Bxe4 c5 18. f4 Rf6 19. g4 Kh8 20. Bg6 Qa5 21. f5
Kg8 22. Qh5 Qd2 23. g5 Qd4+ 24. Rf2 Rxg6 25. Qxg6 Qg4+ 26. Kf1 Qh3+ 27. Kg1
Qg4+ 28. Kf1 Bd7 29. Re1 Kh8 30. e4 Qh3+ 31. Ke2 Be8 32. Rf3 Qxh2+ 33. Rf2
Qxf2+ 34. Kxf2 Bxg6 0-1

[Event "Vaujany"]
[Site "?"]
[Date "2015.07.13"]
[Round "5.5"]
[White "Brunner, Nicolas"]
[Black "Daulyte, Diamante"]
[Result "1/2-1/2"]
[WhiteElo "2425"]
[BlackElo "2369"]
[PlyCount "67"]
[SourceDate "2015.07.09"]

1. d4 Nf6 2. c4 e6 3. Nc3 Bb4 4. Nf3 d5 5. cxd5 exd5 6. Qa4+ Nc6 7. Bg5 h6 8.
Bxf6 Qxf6 9. e3 O-O 10. Be2 Be6 11. a3 Bd6 12. Nb5 Rad8 13. O-O Qg6 14. Rfc1
Bh3 15. g3 Qh5 16. Qd1 Bg4 17. b4 a6 18. Nxd6 Rxd6 19. Ra2 Re8 20. Rcc2 Rde6
21. Ne1 Bxe2 22. Rxe2 Re4 23. Nc2 Ne7 24. Rd2 Qh3 25. Qf1 Qh5 26. Ne1 Nf5 27.
Nd3 Nd6 28. Rdc2 c6 29. Nc5 R4e7 30. a4 Qf3 31. Qe2 Qf5 32. Qd3 Qf3 33. Qe2 Qf5
34. Qd3 1/2-1/2

[Event "Vaujany"]
[Site "?"]
[Date "2015.07.13"]
[Round "5.6"]
[White "Foisor, Cristina-Adela"]
[Black "Dumitrache, Dragos-Nicolae"]
[Result "1/2-1/2"]
[WhiteElo "2366"]
[BlackElo "2423"]
[PlyCount "63"]
[SourceDate "2015.07.09"]

1. Nf3 d5 2. g3 c6 3. Bg2 Bg4 4. d3 Nd7 5. Nbd2 Ngf6 6. O-O e5 7. e4 Bd6 8. h3
Bh5 9. Qe2 O-O 10. Rd1 Re8 11. g4 Bg6 12. Nh4 Bf8 13. Nf1 dxe4 14. dxe4 Qc7 15.
Ng3 Nc5 16. g5 Nfd7 17. Nhf5 Ne6 18. h4 f6 19. Qg4 Rad8 20. Be3 fxg5 21. Bxg5
Nxg5 22. Qxg5 Nc5 23. h5 Ne6 24. Qg4 Bxf5 25. exf5 Nf4 26. f6 Kh8 27. fxg7+
Qxg7 28. Qxg7+ Kxg7 29. Bf3 Bc5 30. Ne4 Be7 31. Kh2 Kf7 32. Rxd8 1/2-1/2

[Event "Vaujany"]
[Site "?"]
[Date "2015.07.13"]
[Round "5.8"]
[White "Poulet, Pierre-Emanuel"]
[Black "Filip, Lucian"]
[Result "1/2-1/2"]
[WhiteElo "2299"]
[BlackElo "2419"]
[PlyCount "122"]
[SourceDate "2015.07.09"]

1. e4 c5 2. Nf3 Nc6 3. d4 cxd4 4. Nxd4 Qb6 5. Nb3 Nf6 6. Nc3 e6 7. Qe2 Bb4 8.
Bd2 O-O 9. a3 Be7 10. g4 d5 11. g5 Nxe4 12. Nxe4 dxe4 13. Qxe4 e5 14. h4 g6 15.
Bh3 Rd8 16. O-O-O Bxh3 17. Rxh3 Rac8 18. h5 Nd4 19. Nxd4 Qxd4 20. Qxd4 Rxd4 21.
hxg6 fxg6 22. Rdh1 {Diagramme #} Rxd2 23. Kxd2 Bxg5+ 24. Kd1 Rc7 25. Rd3 Kg7
26. Rhh3 Kf6 27. Rc3 Rf7 28. Ke2 h5 29. Rhd3 Kf5 30. Rd6 h4 31. Rc8 Bc1 32. b4
Bxa3 33. Rd3 Bc1 34. Rcd8 Rh7 35. R3d7 Rh5 36. Rf7+ Ke6 37. Rxb7 h3 38. Rd1 Bf4
39. Rxa7 h2 40. Rh1 Rh3 41. Ra6+ Kd5 42. b5 Kc5 43. Rc6+ Kxb5 44. Rc8 Kb6 45.
Rb1+ Ka7 46. Rc4 Ra3 47. c3 Ra6 48. Rc7+ Ka8 49. Rh7 e4 50. Kf1 Ra2 51. Re1 e3
52. fxe3 Bg3 53. Re2 Ra1+ 54. Kg2 Be5 55. Rxh2 Bxh2 56. Kxh2 Rc1 57. Kg3 Rxc3
58. Kf4 Kb7 59. Kg5 Kc6 60. Kxg6 Kd7 61. Kf7 Rd3 1/2-1/2